000 00869nam a2200277 a 4500
001 72442
003 BD-RjUL
005 20211209082248.0
008 170413r19901986enka b 001 0 eng d
020 _a0521322340
_a0521311179(pbk.)
035 _a(BD-RjUL)72660
040 _aDLC
_cDLC
_dDLC
_beng
041 _aeng
082 0 0 _223
_a547.2
_bCAS 1990
100 1 _aCarruthers, W.
_9206864
245 1 0 _aSome modern methods of organic synthesis /
_cW. Carruthers.
250 _a3rd ed.
260 _aCambridge :
_bUniversity Press,
_c1990
300 _axii, 526 p. :
_bill. ;
_c22 cm.
490 0 _aCambridge texts in chemistry and biochemistry.
504 _aIncludes Bibliography and index
650 0 _aOrganic compounds
_xSynthesis.
_9160554
830 _aCambridge texts in chemistry and biochemistry.
_9214256
942 _2ddc
_cBK
999 _c72442
_d72442